00233nam a2200085Ia 4500008004100000082001700041100002200058245005400080300001300134230907s9999||||xx |||||||||||||| ||und|| a320.072bMYC aMycoff, Jason D., 0aWorking with political science research methods : apages cm